000 00302nam a22001337a 4500
008 180123b xxu||||| |||| 00| 0 eng d
020 _a9780942702446
041 _aeng
080 _a332
100 _a19
101 _aSHP
245 _aFrom Conflict to Peace Building
_cConnolly, P
942 _2udc
_cBK
999 _c40752
_d40752